| 000 | 00387 a2200145 4500 | ||
|---|---|---|---|
| 005 | 20250626080606.0 | ||
| 020 | _a0-07-232055-9 | ||
| 082 | _a658.049 HIL | ||
| 100 | _aHILL, C.W.L. | ||
| 245 | _aGlobal Business Today, | ||
| 250 | _a2nd Ed. | ||
| 260 |
_aNew York, _bMcGraw-Hill Irwin, _c2001. |
||
| 300 |
_axxiv,; 530p: ill,; figure,picture, _bGlossary & Index, _c25cm. |
||
| 942 |
_2ddc _cBKS |
||
| 999 |
_c5234 _d5234 |
||